Humanity : (Record no. 9015)
[ view plain ]
| 000 -LEADER | |
|---|---|
| fixed length control field | 01104nac a22002771u 4500 |
| 010 ## - LIBRARY OF CONGRESS CONTROL NUMBER | |
| LC control number | 2005920355 |
| 020 ## - INTERNATIONAL STANDARD BOOK NUMBER | |
| International Standard Book Number | 0534646433 (student ed.) |
| 020 ## - INTERNATIONAL STANDARD BOOK NUMBER | |
| International Standard Book Number | 0495004065 (instructor's ed.) |
| 082 00 - DEWEY DECIMAL CLASSIFICATION NUMBER | |
| Classification number | 306 |
| Item number | PEO |
| 090 ## - LOCALLY ASSIGNED LC-TYPE CALL NUMBER (OCLC); LOCAL CALL NUMBER (OCLC) | |
| -- | 9015 |
| -- | 9015 |
| 100 ## - MAIN ENTRY--PERSONAL NAME | |
| Personal name | Peoples, James G. |
| 245 10 - TITLE STATEMENT | |
| Title | Humanity : |
| Remainder of title | an introduction to cultural anthropology / |
| Statement of responsibility, etc | James Peoples, Garrick Bailey. |
| 250 ## - EDITION STATEMENT | |
| Edition statement | 7th ed. |
| 260 ## - PUBLICATION, DISTRIBUTION, ETC. (IMPRINT) | |
| Place of publication, distribution, etc | Belmont, CA : |
| Name of publisher, distributor, etc | Thomson Higher Education,2006 |
| Date of publication, distribution, etc | c2006. |
| 300 ## - PHYSICAL DESCRIPTION | |
| Extent | xix, 444 p. : |
| Other physical details | ill. (some col.), col. maps ; |
| Dimensions | 26 cm. |
| 490 1# - Series Statement | |
| Series statement | Thomson advantage books |
| 500 ## - GENERAL NOTE | |
| General note | Includes passcode to InfoTrac college edition. |
| 500 ## - GENERAL NOTE | |
| General note | distributer: Fathy Taha Mohamed Desouky |
| 504 ## - BIBLIOGRAPHY, ETC. NOTE | |
| Bibliography, etc | Includes bibliographical references (p. 413-426) and indexes. |
| 511 ## - PARTICIPANT OR PERFORMER NOTE | |
| Participant or performer note | catalogued by: wessam |
| 650 #0 - SUBJECT ADDED ENTRY--TOPICAL TERM | |
| Topical term or geographic name as entry element | Ethnology. |
| 700 1# - ADDED ENTRY--PERSONAL NAME | |
| Personal name | Bailey, Garrick Alan. |
| 830 #0 - SERIES ADDED ENTRY--UNIFORM TITLE | |
| Uniform title | Advantage series (Wadsworth/Thomson Learning (Firm)) |
| 942 ## - ADDED ENTRY ELEMENTS (KOHA) | |
| Item type | Book - Borrowing |
| Call number prefix | 306PEO |
| Withdrawn status | Item status | Damaged status | Not for loan | Home library | Current library | Shelving location | Date acquired | Source of acquisition | Total Checkouts | Total Renewals | Full call number | Barcode | Date last seen | Date last borrowed | Cost, replacement price | Koha item type |
|---|---|---|---|---|---|---|---|---|---|---|---|---|---|---|---|---|
| Central Library | Central Library | First floor | 06/04/2008 | Purchase | 15 | 25 | 306PEO | 000010494 | 15/07/2025 | 21/03/2019 | 50.00 | Book - Borrowing |